| 000 | 00469nam a22001697a 4500 | ||
|---|---|---|---|
| 003 | OSt | ||
| 005 | 20240709154649.0 | ||
| 008 | 240709b |||||||| |||| 00| 0 eng d | ||
| 020 | _a0 8028 3678 X | ||
| 040 | _cChuka university library | ||
| 050 |
_aT 14 _b.E458 1990 |
||
| 100 |
_aBromiley Geoffrey W _916611 |
||
| 245 | _aJACQUES ELLUL The Technological Bluff | ||
| 260 |
_aGrand Rapids _bWilliam B Publishing company _c1990 |
||
| 300 | _a418p | ||
| 942 |
_2lcc _cBK _n0 |
||
| 999 |
_c17738 _d17738 |
||